[Event "Tournoi Skype 028B"]
[Site "Skype"]
[Date "????.??.??"]
[Round "7.32"]
[White "Chavez, Isidro"]
[Black "Clayton, Estelita"]
[Result "1-0"]
[WhiteElo "1227"]
[BlackElo "1072"]
[PlyCount "81"]

1. c4 c5 2. Nf3 Nf6 3. e4 d6 4. d3 e5 5. h3 Na6 6. a3 Be7 7. Be2 O-O 8. O-O h6
9. Nc3 Nc7 10. b4 Ne6 11. b5 b6 12. a4 a5 13. Be3 Nh7 14. Qd2 Nhg5 15. Nh2 f6
16. Nd5 Kh7 17. f4 Nf7 18. f5 Neg5 19. h4 Bxf5 20. exf5 Qd7 21. Nxb6 Qxf5 22.
Rxf5 Rab8 23. Nd7 Rbd8 24. Nxf8+ Rxf8 25. hxg5 fxg5 26. Bh5 g6 27. Bxg6+ Kxg6
28. Rf2 Re8 29. Raf1 Rf8 30. Ng4 Kg7 31. Rf5 Nh8 32. Rxf8 Bxf8 33. Qf2 Be7 34.
Qg3 Ng6 35. Qh2 Nh4 36. g3 Kg6 37. gxh4 gxh4 38. Nxh6 Kh5 39. Rf5+ Kg6 40. Qg2+
Kh7 41. Qg8# 1-0

[Event "Tournoi Skype 028B"]
[Site "Skype"]
[Date "????.??.??"]
[Round "7.33"]
[White "Moumtaz, Abderrahim"]
[Black "Hernandez, Enrique"]
[Result "1-0"]
[WhiteElo "1226"]
[BlackElo "1009"]
[PlyCount "101"]

1. d4 d5 2. c4 Nf6 3. cxd5 Nxd5 4. e4 Nf6 5. Nc3 e6 6. a3 Nc6 7. Nf3 e5 8. d5
Bg4 9. dxc6 Qxd1+ 10. Nxd1 Bd6 11. Bd3 bxc6 12. O-O O-O 13. Nc3 Rad8 14. Bg5
Bxf3 15. gxf3 Rd7 16. Rad1 Ne8 17. Kh1 f6 18. Be3 Be7 19. Bxa7 Nd6 20. Be3 f5
21. f4 Nxe4 22. Nxe4 fxe4 23. Bxe4 Rxd1 24. Rxd1 exf4 25. Ba7 c5 26. Rd5 c6 27.
Rd7 Re8 28. Bxc6 Bf8 29. Bd5+ Kh8 30. Bc4 h6 31. Rd5 Re4 32. b3 f3 33. Rd1 g5
34. Bd5 Re2 35. Bxf3 Rxf2 36. Bd5 Bd6 37. Kg1 Rxh2 38. Re1 g4 39. Re6 Bf4 40.
Re8+ Kg7 41. Rg8+ Kf6 42. Rxg4 Kf5 43. Rg2 Rh4 44. Bxc5 h5 45. Bf2 Rg4 46. Rxg4
hxg4 47. Kg2 Kg5 48. Bg3 Bc1 49. a4 Bd2 50. Kf2 Bb4 51. Ke2 1-0

[Event "Tournoi Skype 028B"]
[Site "Skype"]
[Date "????.??.??"]
[Round "7.34"]
[White "Alarcon Alarcon, Marina"]
[Black "Gomez Caballero, Blas"]
[Result "1-0"]
[WhiteElo "1198"]
[BlackElo "1000"]
[PlyCount "61"]

1. e4 e5 2. Nf3 Nc6 3. Bc4 d6 4. d4 Be6 5. Bxe6 fxe6 6. c3 Nf6 7. dxe5 dxe5 8.
Nbd2 Qd3 9. Qa4 a6 10. Nxe5 b5 11. Nxd3 bxa4 12. e5 Nd7 13. Nf3 Be7 14. Bf4 O-O
15. Be3 Rf5 16. O-O Ndxe5 17. Ndxe5 Nxe5 18. Nxe5 Rxe5 19. Bd4 Rd5 20. Rfe1 Rd6
21. Bc5 Rad8 22. Bxd6 Rxd6 23. Rad1 Rb6 24. b3 axb3 25. axb3 Kf7 26. b4 Kf6 27.
g3 Kf5 28. Rd3 e5 29. Rd7 Ke6 30. Rxc7 Rd6 31. f4 1-0

[Event "Tournoi Skype 028B"]
[Site "Skype"]
[Date "????.??.??"]
[Round "7.35"]
[White "Gomez Zuluaga, Jorge Adiel"]
[Black "Ruiz Gomez, Luz Alba"]
[Result "0-1"]
[WhiteElo "1000"]
[BlackElo "1190"]
[PlyCount "66"]

1. e4 e5 2. Nf3 Nc6 3. Bc4 Bc5 4. O-O Nf6 5. Ng5 O-O 6. Nxf7 Qe7 7. Nd6+ Kh8 8.
Nxc8 Raxc8 9. d3 d6 10. Nd2 Na5 11. Bd5 c6 12. Bb3 Nxb3 13. axb3 a6 14. Nf3 h6
15. h3 Rcd8 16. Ra4 d5 17. Bxh6 gxh6 18. exd5 Rxd5 19. Rh4 Kg7 20. c4 Rd7 21.
g3 e4 22. Nh2 Rxd3 23. Qc1 e3 24. fxe3 Bxe3+ 25. Qxe3 Qxe3+ 26. Kg2 Qxg3+ 27.
Kh1 Qxh4 28. Rf3 Rxf3 29. Nxf3 Qxh3+ 30. Nh2 Re8 31. Kg1 Re1+ 32. Kf2 Qe3+ 33.
Kg2 Rg1# 0-1

[Event "Tournoi Skype 028B"]
[Site "Skype"]
[Date "????.??.??"]
[Round "7.36"]
[White "Llabres, Sergio"]
[Black "Abate, Luigi"]
[Result "1/2-1/2"]
[WhiteElo "1000"]
[BlackElo "1189"]
[PlyCount "63"]

1. d4 Nf6 2. Nf3 d5 3. b3 Nbd7 4. e3 e6 5. Bd3 b6 6. Nbd2 Bd6 7. Bb2 c5 8. c3
e5 9. dxe5 Nxe5 10. Nxe5 Bxe5 11. Nf3 Bg4 12. Be2 Bxf3 13. Bxf3 Rc8 14. O-O O-O
15. Rc1 Re8 16. Re1 Qd6 17. h3 h6 18. Be2 Ne4 19. f4 Bf6 20. Bg4 Rcd8 21. Qf3
Bh4 22. Re2 c4 23. bxc4 dxc4 24. Rec2 Qc5 25. Qe2 Bf2+ 26. Kh2 Bxe3 27. g3 Bxc1
28. Bxc1 Nxc3 29. Qf1 Rd1 30. Bxd1 Qd4 31. Rd2 Qc5 32. Bf3 1/2-1/2

[Event "Tournoi Skype 028B"]
[Site "Skype"]
[Date "????.??.??"]
[Round "7.37"]
[White "Ibanez, Bittor"]
[Black "Florez Beltran, Leidy Lucila"]
[Result "1-0"]
[WhiteElo "1000"]
[BlackElo "1176"]
[PlyCount "73"]

1. c4 c6 2. g3 e6 3. Bg2 d5 4. cxd5 cxd5 5. Nf3 Nf6 6. d3 b6 7. O-O Bb7 8. Bg5
Be7 9. Ne5 O-O 10. e4 Nbd7 11. d4 dxe4 12. Re1 Rc8 13. Nc3 Nd5 14. Bxe7 Qxe7
15. Rc1 f6 16. Nxd7 Qxd7 17. Bxe4 Nxc3 18. Rxc3 Bxe4 19. Rxe4 Rfe8 20. Rxc8
Rxc8 21. Qb3 Kf8 22. Qxe6 Qxe6 23. Rxe6 Rc2 24. d5 Rd2 25. d6 Kf7 26. Re7+ Kf8
27. Rxa7 Rxd6 28. Rb7 Rc6 29. b4 g5 30. a4 h5 31. a5 bxa5 32. bxa5 Ra6 33. Rb5
Kf7 34. h4 Kg6 35. hxg5 fxg5 36. Rb6+ Rxb6 37. axb6 1-0

[Event "Tournoi Skype 028B"]
[Site "Skype"]
[Date "????.??.??"]
[Round "7.38"]
[White "Yanez, Leticia Jorgelina"]
[Black "Parrales, Rodolfo"]
[Result "0-1"]
[WhiteElo "1147"]
[BlackElo "1000"]
[PlyCount "96"]

1. e4 e5 2. f4 d5 3. exd5 Nf6 4. Nf3 Nxd5 5. Bc4 e4 6. Ng5 Bg4 7. Qxg4 Qd7 8.
f5 Nc6 9. Qxe4+ Be7 10. Bxd5 O-O-O 11. d4 Rhe8 12. O-O Bxg5 13. Qf3 Nxd4 14.
Bxb7+ Kb8 15. Qc3 Kxb7 16. Bxg5 Ne2+ 17. Kh1 Nxc3 18. Nxc3 f6 19. Bh4 Qc6 20.
Bf2 Rd2 21. a4 Rxc2 22. Nd1 h5 23. b4 h4 24. h3 Qe4 25. Ne3 Rd2 26. b5 Rxf2 27.
Rxf2 Qxe3 28. Kg1 Qc3 29. Rff1 Re2 30. Rac1 Qe3+ 31. Kh2 Qe5+ 32. Kh1 Qg3 33.
Rg1 g5 34. fxg6 Qxg6 35. Rcf1 f5 36. a5 a6 37. b6 cxb6 38. axb6 Kxb6 39. Rf4 a5
40. Rb1+ Ka6 41. Rg1 Qe6 42. Rff1 a4 43. Ra1 Ka5 44. Raf1 a3 45. Rf4 Qc6 46.
Rxf5+ Ka4 47. Rf4+ Re4 48. Re1 Kb3 0-1

[Event "Tournoi Skype 028B"]
[Site "Skype"]
[Date "????.??.??"]
[Round "7.39"]
[White "Mendoza Lainez, Ricardo Jose"]
[Black "Vaquero, Roberto"]
[Result "0-1"]
[WhiteElo "1137"]
[BlackElo "1000"]
[PlyCount "64"]

1. f4 d5 2. Nf3 Bf5 3. d4 e6 4. Nc3 c5 5. e3 c4 6. h3 h6 7. g4 Bh7 8. Ne5 Bb4
9. Bd2 Bxc3 10. Bxc3 Be4 11. Rg1 Qh4+ 12. Ke2 Ne7 13. Nf3 Bxf3+ 14. Kxf3 f5 15.
Ke2 fxg4 16. hxg4 O-O 17. Be1 Qf6 18. Rh1 g5 19. Bg2 gxf4 20. Bh4 f3+ 21. Kd2
Qf7 22. Bxf3 Ng6 23. g5 Qxf3 24. Qe2 Nc6 25. Raf1 Qxe2+ 26. Kxe2 Nxh4 27. Rxh4
hxg5 28. Rg1 Rf5 29. Rh6 e5 30. c3 exd4 31. cxd4 Kg7 32. Re6 Raf8 0-1

[Event "Tournoi Skype 028B"]
[Site "Skype"]
[Date "????.??.??"]
[Round "7.40"]
[White "Sosa, Juan Carlos"]
[Black "Conde, Ramon"]
[Result "0-1"]
[WhiteElo "1000"]
[BlackElo "1113"]
[PlyCount "110"]

1. d4 Nf6 2. Bf4 e6 3. Nc3 Be7 4. e4 d6 5. Nf3 Nbd7 6. Bc4 Nxe4 7. Nxe4 d5 8.
Bd3 dxe4 9. Bxe4 Nf6 10. Bd3 O-O 11. c3 b6 12. Qc2 Bb7 13. Ng5 g6 14. O-O Nd5
15. Bd2 Bxg5 16. Bxg5 Qxg5 17. f3 Nf4 18. Be4 Nh3+ 19. Kh1 Bxe4 20. fxe4 Nf4
21. Qd2 Qxg2+ 22. Qxg2 Nxg2 23. Kxg2 Kg7 24. Rf2 f5 25. e5 c5 26. h4 Kh6 27.
Kf3 cxd4 28. cxd4 Rad8 29. Ke3 Kh5 30. Rf4 g5 31. hxg5 Kxg5 32. Rg1+ Kh5 33.
Rg7 Rc8 34. Rf1 Kh6 35. Rfg1 Rc2 36. Kf3 Rxb2 37. R7g3 Rh2 38. Kf4 Rf7 39. a4
Rd7 40. Ke3 Rh4 41. Rd1 f4+ 42. Kf3 fxg3 43. Kxg3 Rdxd4 44. Rf1 Rhg4+ 45. Kh3
Rxa4 46. Rf6+ Rg6 47. Kh2 a5 48. Kh3 Ra1 49. Kh2 a4 50. Kh3 a3 51. Kh2 a2 52.
Rf2 Rh1+ 53. Kxh1 a1=Q+ 54. Kh2 Qg1+ 55. Kh3 Qg3# 0-1

[Event "Tournoi Skype 028B"]
[Site "Skype"]
[Date "????.??.??"]
[Round "7.41"]
[White "Yepez, German"]
[Black "Hernandez Lopez, Joaquin"]
[Result "0-1"]
[WhiteElo "1000"]
[BlackElo "1106"]
[PlyCount "96"]

1. e4 e5 2. Nf3 Nf6 3. d3 Nc6 4. c3 Be7 5. Be2 b5 6. Qb3 a6 7. h3 Na5 8. Qc2
Bb7 9. b4 Nc6 10. Bg5 h6 11. Bh4 O-O 12. Bg3 d6 13. O-O Re8 14. Nbd2 Nh5 15.
Bh2 Bf6 16. Ne1 Nf4 17. Bd1 Bh4 18. Ndf3 Ng6 19. Nxh4 Nxh4 20. Nf3 Qf6 21. Nxh4
Qxh4 22. f4 Ne7 23. Rf3 Qe1+ 24. Rf1 Qe3+ 25. Kh1 Ng6 26. Bg1 Qg3 27. Rf3 Qe1
28. Re3 Qh4 29. f5 Nf4 30. Kh2 Qg5 31. Qd2 d5 32. Rg3 Qf6 33. Bf3 Rad8 34. exd5
Bxd5 35. Bxd5 Rxd5 36. d4 Qxf5 37. Re1 e4 38. Rg4 g5 39. g3 h5 40. Rxf4 gxf4
41. Qc2 fxg3+ 42. Kxg3 Qf3+ 43. Kh2 Qf4+ 44. Kg2 Rg5+ 45. Kh1 Qf3+ 46. Kh2 Qg3+
47. Kh1 Qxh3+ 48. Qh2 Qf3+ 0-1

[Event "Tournoi Skype 028B"]
[Site "Skype"]
[Date "????.??.??"]
[Round "7.42"]
[White "Quiel, Aristoteles"]
[Black "Munoz Gonzalez, Martin"]
[Result "0-1"]
[WhiteElo "1000"]
[BlackElo "1406"]
[PlyCount "146"]

1. e4 d6 2. Nc3 Nf6 3. Bc4 a6 4. f4 Nbd7 5. Nf3 b5 6. Bb3 b4 7. Nd5 Nxe4 8. d3
Nef6 9. Nxb4 c5 10. Nd5 Bb7 11. Nxf6+ Nxf6 12. c3 e6 13. O-O Be7 14. d4 cxd4
15. cxd4 O-O 16. Re1 Qb6 17. Kh1 Bd5 18. Bxd5 Nxd5 19. a3 Rac8 20. b4 Bf6 21.
Bb2 Nxf4 22. Qd2 Nd5 23. Qd3 Rfd8 24. g4 h6 25. h4 Qb7 26. Qe4 g5 27. hxg5 hxg5
28. Rac1 Rxc1 29. Bxc1 Qe7 30. Kg2 Rc8 31. Rh1 Kf8 32. Bxg5 Ke8 33. Rh8+ Kd7
34. Rxc8 Kxc8 35. Bxf6 Qxf6 36. g5 Qg7 37. Qh4 Ne3+ 38. Kh1 Nf5 39. Qf4 f6 40.
Qc1+ Kb7 41. Kg2 fxg5 42. Nxg5 Nxd4 43. Kf1 Qf6+ 44. Ke1 Nf3+ 45. Nxf3 Qxf3 46.
Qd2 Qh1+ 47. Ke2 Qh2+ 48. Kd3 Qxd2+ 49. Kxd2 Kb6 50. a4 e5 51. Kd3 d5 52. Kc3
a5 53. bxa5+ Kxa5 54. Kb3 d4 55. Kc4 Kxa4 56. Kd5 d3 57. Kxe5 d2 58. Ke6 d1=Q
59. Ke5 Qd3 60. Ke6 Qd4 61. Kf5 Kb5 62. Ke6 Kc6 63. Kf5 Kd6 64. Kg6 Qe5 65. Kf7
Qe6+ 66. Kg7 Ke7 67. Kh8 Qf6+ 68. Kg8 Ke6 69. Kh7 Kf5 70. Kg8 Qe7 71. Kh8 Kg6
72. Kg8 Qf7+ 73. Kh8 Qg7# 0-1

[Event "Tournoi Skype 028B"]
[Site "Skype"]
[Date "????.??.??"]
[Round "7.44"]
[White "Reese, Evan"]
[Black "Almendares, Maximo"]
[Result "1-0"]
[WhiteElo "1178"]
[BlackElo "1000"]
[PlyCount "81"]

1. e4 e5 2. Nf3 d6 3. Nc3 Nf6 4. Bc4 Nc6 5. O-O Bg4 6. d3 Bxf3 7. Qxf3 Nd4 8.
Qd1 c5 9. Ne2 Ne6 10. c3 h5 11. Ng3 Be7 12. Qb3 Qc8 13. Nf5 Bf8 14. Be3 Ng4 15.
d4 cxd4 16. cxd4 exd4 17. Bxd4 Nxd4 18. Bxf7+ Kd8 19. Nxd4 Rh6 20. Rad1 d5 21.
Qxd5+ Ke7 22. Nf5+ Kf6 23. Nxh6 gxh6 24. Bxh5 Ne5 25. Qd2 Qc7 26. Qf4+ Ke6 27.
Bg4+ Ke7 28. Qf5 Nxg4 29. Qxg4 Ke8 30. Rd5 Qe7 31. Qg6+ Qf7 32. Re5+ Be7 33.
Qxh6 Kd7 34. Rd1+ Kc7 35. Red5 Rd8 36. Rc1+ Kb8 37. Qd2 Rg8 38. Rd7 Qg6 39. g3
Bg5 40. Qd5 Bxc1 41. Qxb7# 1-0

[Event "Tournoi Skype 028B"]
[Site "Skype"]
[Date "????.??.??"]
[Round "7.45"]
[White "Campos Silva, Lucas"]
[Black "Guillaume, Mickael"]
[Result "0-1"]
[WhiteElo "1000"]
[BlackElo "1106"]
[PlyCount "70"]

1. e4 e5 2. Nf3 Nf6 3. Bc4 Nxe4 4. d3 d5 5. Bb3 Nf6 6. Nc3 Nc6 7. O-O Bc5 8.
Re1 Qd6 9. d4 Nxd4 10. Nxd4 c6 11. Nf5 Bxf5 12. Bf4 Ne4 13. Bg3 O-O 14. Nxe4
Bxe4 15. Rxe4 dxe4 16. Qxd6 Bxd6 17. Re1 Rad8 18. Rxe4 Bc7 19. Re1 Rfe8 20. a4
Ba5 21. Rf1 e4 22. h3 Kh8 23. Bh4 Rd2 24. Bg5 Rd7 25. Be3 a6 26. Ba2 b5 27.
axb5 axb5 28. c3 Red8 29. b4 Bc7 30. Bb3 Rd3 31. Bd4 f5 32. Re1 Re8 33. h4 h5
34. g3 Be5 35. Bxe5 Rxe5 0-1

[Event "Tournoi Skype 028B"]
[Site "Skype"]
[Date "????.??.??"]
[Round "7.46"]
[White "Schnell, Nicolas"]
[Black "Huerta, Jesus"]
[Result "0-1"]
[WhiteElo "1099"]
[BlackElo "1000"]
[PlyCount "42"]

1. e4 e5 2. Nf3 Nc6 3. Bc4 Nf6 4. Nc3 g6 5. d3 Bg7 6. Ng5 O-O 7. O-O d6 8. Ne2
h6 9. Nf3 d5 10. Bb3 dxe4 11. Nd2 Bg4 12. c4 exd3 13. f3 Nd4 14. fxg4 Nxe2+ 15.
Kh1 Nxg4 16. Qe1 e4 17. Nxe4 Qd4 18. Nf2 Rae8 19. h3 Ng3+ 20. Kg1 Rxe1 21. Rxe1
Qxf2# 0-1

[Event "Tournoi Skype 028B"]
[Site "Skype"]
[Date "????.??.??"]
[Round "7.48"]
[White "Nakamura, Seiichi"]
[Black "Luna Perez Vico, Lorenzo"]
[Result "1/2-1/2"]
[WhiteElo "1000"]
[BlackElo "1458"]
[PlyCount "68"]

1. d4 Nf6 2. Bf4 d5 3. h3 Bf5 4. Nf3 h6 5. e3 e6 6. Bd3 Be4 7. Nbd2 c6 8. O-O
Bd6 9. Bxd6 Qxd6 10. Be2 Bg6 11. c4 Nbd7 12. c5 Qc7 13. Rc1 O-O 14. Nb3 e5 15.
dxe5 Nxe5 16. Nxe5 Qxe5 17. Nd4 Qe7 18. b4 Ne8 19. Qd2 Nc7 20. a3 Ne6 21. Bf3
Ng5 22. Bd1 Ne4 23. Qb2 Ng5 24. Re1 Qf6 25. Bc2 Bxc2 26. Rxc2 Qg6 27. Kf1 Qf6
28. Nf3 Qxb2 29. Rxb2 Nxf3 30. gxf3 f5 31. f4 Rad8 32. Rd2 Rfe8 33. Ree2 Kf7
34. f3 Kf6 1/2-1/2

[Event "Tournoi Skype 028B"]
[Site "Skype"]
[Date "????.??.??"]
[Round "7.49"]
[White "Tolaro, Filippa"]
[Black "Escudero Ocana, Francisco"]
[Result "0-1"]
[WhiteElo "1065"]
[BlackElo "1398"]
[PlyCount "60"]

1. Nf3 d5 2. d4 e6 3. b3 c5 4. Bb2 cxd4 5. Bxd4 Nc6 6. Bb2 Nf6 7. e3 Bd6 8. Bb5
O-O 9. Nbd2 e5 10. Bxc6 bxc6 11. Nxe5 Ne4 12. O-O Ba6 13. Nxc6 Bxh2+ 14. Kxh2
Qh4+ 15. Kg1 Bxf1 16. Nxf1 Nxf2 17. Nh2 Nxd1 18. Rxd1 Rac8 19. Nf3 Qg3 20. Ne7+
Kh8 21. Nxc8 Rxc8 22. c4 dxc4 23. bxc4 h6 24. Be5 Qg6 25. Nh4 Qc2 26. Rf1 f6
27. Bd4 Rxc4 28. Ng6+ Qxg6 29. Bxa7 Rc2 30. g3 Qxg3+ 0-1

[Event "Tournoi Skype 028B"]
[Site "Skype"]
[Date "????.??.??"]
[Round "7.50"]
[White "Codina, Teresa"]
[Black "Torres, Vicky"]
[Result "0-1"]
[WhiteElo "1310"]
[BlackElo "1055"]
[PlyCount "82"]

1. d4 d5 2. Nf3 Nf6 3. e3 a6 4. c4 c6 5. cxd5 cxd5 6. Bd3 e6 7. O-O Bd6 8. Nbd2
O-O 9. h3 Nc6 10. a3 Re8 11. Re1 e5 12. dxe5 Nxe5 13. Nxe5 Bxe5 14. Nf3 Bd6 15.
b4 b5 16. Bb2 Be7 17. Rc1 Bb7 18. Qb3 h6 19. Red1 Rc8 20. Bc2 Rc4 21. Ne5 Rh4
22. Qa2 Qd6 23. Bb3 Rd8 24. Nf3 Rh5 25. Rc2 Qe6 26. Kf1 Ne4 27. Qa1 Bf6 28. Nd4
Qe7 29. a4 Qxb4 30. axb5 axb5 31. Qa7 Qe7 32. Ra1 Bh4 33. Nc6 Bxc6 34. Qxe7
Bxe7 35. Rxc6 Nd2+ 36. Ke2 Nxb3 37. Ra7 Bf8 38. Rcc7 f6 39. Rd7 Rxd7 40. Rxd7
Nc5 41. Rxd5 Rxd5 0-1

[Event "Tournoi Skype 028B"]
[Site "Skype"]
[Date "????.??.??"]
[Round "7.52"]
[White "Baker, Abi"]
[Black "Gagnon, Sindy"]
[Result "1-0"]
[WhiteElo "1188"]
[BlackElo "1043"]
[PlyCount "69"]

1. c4 e5 2. Nc3 Nc6 3. g3 d6 4. Bg2 Be7 5. e4 Nf6 6. Nge2 b6 7. O-O Bb7 8. d3
O-O 9. Be3 Nb4 10. Nd5 Nbxd5 11. exd5 c6 12. dxc6 Ba6 13. c7 Qd7 14. Bxa8 Rxa8
15. f4 Bb7 16. d4 exd4 17. Nxd4 d5 18. Rc1 dxc4 19. Rxc4 Qd5 20. c8=Q+ Bxc8 21.
Rc7 Ba6 22. Rf2 Bd8 23. Rc6 Bb7 24. Rfc2 Ne4 25. Qf3 Bf6 26. Rc7 Ba6 27. Nc6
Re8 28. Nxa7 Qxa2 29. Bxb6 Qb1+ 30. Kg2 Ng5 31. Rc8 Bd8 32. Qc6 Kf8 33. Bxd8
Qa2 34. Qc5+ Re7 35. Bxe7# 1-0

[Event "Tournoi Skype 028B"]
[Site "Skype"]
[Date "????.??.??"]
[Round "7.54"]
[White "Schuh, David"]
[Black "Conde, Abigail"]
[Result "0-1"]
[WhiteElo "1057"]
[BlackElo "1117"]
[PlyCount "86"]

1. d4 d5 2. Nf3 e6 3. e3 a6 4. g3 c5 5. c4 Nf6 6. Bd3 b5 7. cxd5 Nxd5 8. Nc3
Nb4 9. Be4 N8c6 10. a3 Nd5 11. Nxd5 exd5 12. Bd3 c4 13. Bc2 Bg4 14. O-O Bd6 15.
Re1 O-O 16. e4 Re8 17. Bg5 f6 18. Bc1 Be7 19. h3 Bxh3 20. Re3 Bg4 21. b4 Qb6
22. Bb2 Rad8 23. exd5 Rxd5 24. Qb1 Rh5 25. Nh4 Nxd4 26. Bxd4 Qxd4 27. Re4 Qd5
28. Rxg4 f5 29. Re4 fxe4 30. Bxe4 Qg5 31. Qd1 Rxh4 32. Bd5+ Kh8 33. Qf3 Bf6 34.
Rd1 Re5 35. Bb7 Rf5 36. Qe2 Be5 37. Rd5 c3 38. Qd1 Rf8 39. Bxa6 Rhf4 40. Bxb5
Rxf2 41. Rd3 c2 42. Rd2 Qxg3+ 43. Kh1 Qg2# 0-1

[Event "Tournoi Skype 028B"]
[Site "Skype"]
[Date "????.??.??"]
[Round "7.55"]
[White "Ruiz Aguilera, Juan Jesus"]
[Black "Vasquez Donaire, Ivis Godofredo"]
[Result "1-0"]
[WhiteElo "1083"]
[BlackElo "1000"]
[PlyCount "59"]

1. d4 d5 2. Bf4 Nf6 3. Nc3 Nc6 4. Nb5 e5 5. dxe5 Ne4 6. e6 Bb4+ 7. c3 Bd6 8.
exf7+ Kxf7 9. Bg3 a6 10. Nd4 Nxd4 11. Qxd4 Bf5 12. Qxd5+ Ke8 13. Qxf5 Qe7 14.
Nf3 Bb4 15. Nd2 Nxd2 16. Kxd2 Qd7+ 17. Qxd7+ Kxd7 18. cxb4 Ke8 19. Rc1 Rd8+ 20.
Kc2 Kf7 21. Bxc7 Rd4 22. a3 Rc8 23. Kc3 Rd7 24. Kb3 Rd5 25. g3 b6 26. Bg2 Rb5
27. Be4 a5 28. Bxh7 axb4 29. axb4 Ra8 30. Ra1 1-0

[Event "Tournoi Skype 028B"]
[Site "Skype"]
[Date "????.??.??"]
[Round "7.56"]
[White "Bland, Marilyn"]
[Black "Ramirez, Luis Antonio"]
[Result "0-1"]
[WhiteElo "1000"]
[BlackElo "1075"]
[PlyCount "98"]

1. d4 d5 2. Bf4 a6 3. e3 Nf6 4. Nf3 g6 5. Nbd2 Bg7 6. c4 c5 7. dxc5 O-O 8. Qb3
d4 9. exd4 Nc6 10. d5 Na5 11. Qb6 Qxb6 12. cxb6 Bf5 13. Be2 Nd7 14. Rb1 Bd4 15.
Be3 Bg7 16. Bc5 Rae8 17. O-O Nxc5 18. Nb3 e6 19. Rbd1 Bc2 20. Rd2 Bxb3 21. axb3
Naxb3 22. Rc2 Nd4 23. Rd2 Ndb3 24. Rc2 e5 25. d6 Ne4 26. Rd1 Nd4 27. Nxd4 exd4
28. c5 Nxc5 29. Rxc5 Rxe2 30. Kf1 Rxb2 31. d7 Rd8 32. Rc8 Rxc8 33. dxc8=Q+ Bf8
34. Qxb7 Kg7 35. Qxa6 Bc5 36. b7 Rb6 37. Qa8 Bd6 38. Rxd4 Rb1+ 39. Ke2 Bxh2 40.
Rd8 Rb2+ 41. Kd3 Bc7 42. Rc8 Bf4 43. b8=Q Bxb8 44. Rxb8 Rxb8 45. Qxb8 f5 46.
Qe5+ Kh6 47. Qh2+ Kg7 48. Ke3 h5 49. Qe5+ Kh6 0-1

[Event "Tournoi Skype 028B"]
[Site "Skype"]
[Date "????.??.??"]
[Round "7.57"]
[White "Chamorro Cajina, Ivan Antonio"]
[Black "Maccaferri, Massimo"]
[Result "1-0"]
[WhiteElo "1000"]
[BlackElo "1074"]
[PlyCount "41"]

1. e4 e5 2. Nf3 Nc6 3. d4 exd4 4. Nxd4 Qe7 5. Nb5 Qxe4+ 6. Be3 Bd6 7. N1c3 Qb4
8. a3 Qxb2 9. Nd5 Kd8 10. Bd4 Qxa1 11. Qxa1 f6 12. Nxf6 gxf6 13. Bxf6+ Nge7 14.
Bxh8 a6 15. Qg7 Ng6 16. Qxh7 Nce5 17. Qg8+ Bf8 18. Bxe5 axb5 19. Bg7 Ke8 20.
Bd3 Ne7 21. Qxf8# 1-0

[Event "Tournoi Skype 028B"]
[Site "Skype"]
[Date "????.??.??"]
[Round "7.58"]
[White "Mira Poveda, Jose Antonio"]
[Black "Latterra, Jeremias"]
[Result "*"]
[WhiteElo "1000"]
[BlackElo "1065"]
[PlyCount "78"]

1. e4 e5 2. Nf3 Nc6 3. Bc4 Qe7 4. d3 h6 5. Nc3 d6 6. O-O Be6 7. Bxe6 Qxe6 8.
Nd5 O-O-O 9. Be3 Nge7 10. Nc3 d5 11. exd5 Nxd5 12. Nb5 Kb8 13. Re1 Nxe3 14.
Rxe3 Bc5 15. Re4 f5 16. Re1 e4 17. Nd2 e3 18. Nb3 exf2+ 19. Kf1 fxe1=Q+ 20.
Qxe1 Qxe1+ 21. Rxe1 Bb6 22. a4 a6 23. Nc3 g5 24. a5 Nxa5 25. Nxa5 Bxa5 26. Re5
b6 27. Rxf5 Rhf8 28. Rxf8 Rxf8+ 29. Ke1 c5 30. h3 h5 31. Kd1 Rf5 32. Na4 g4 33.
hxg4 hxg4 34. c3 g3 35. b4 cxb4 36. cxb4 Bxb4 37. Nxb6 Rf2 38. Nd5 Bc5 39. Ne3
Bxe3 *

[Event "Tournoi Skype 028B"]
[Site "Skype"]
[Date "????.??.??"]
[Round "7.59"]
[White "Souza, Jeferson De Oliveira"]
[Black "Cifuentes, Jorge Mario"]
[Result "1-0"]
[WhiteElo "1000"]
[BlackElo "1000"]
[PlyCount "65"]

1. f4 Nf6 2. d4 e6 3. Nf3 Bd6 4. e3 b6 5. Bd3 Bb7 6. O-O h6 7. Nbd2 g5 8. fxg5
Ng4 9. Ne5 Nxe5 10. dxe5 Bxe5 11. Qf3 Bxf3 12. Rxf3 Qxg5 13. Ne4 Qg7 14. c3 Rg8
15. g3 d5 16. Nc5 bxc5 17. e4 Qg4 18. Be2 Rg6 19. exd5 exd5 20. Bd2 Nc6 21.
Raf1 h5 22. Re3 h4 23. Bxg4 Rxg4 24. Rf5 f6 25. h3 Ne7 26. hxg4 Nxf5 27. gxf5
h3 28. Kh2 Kf7 29. Kxh3 Rh8+ 30. Kg2 Rg8 31. b3 d4 32. cxd4 Bxd4 33. Rf3 1-0

[Event "Tournoi Skype 028B"]
[Site "Skype"]
[Date "????.??.??"]
[Round "7.60"]
[White "Crocioni, Luca"]
[Black "Rodriguez Tovar, Liliana"]
[Result "1-0"]
[WhiteElo "1000"]
[BlackElo "1000"]
[PlyCount "57"]

1. e4 e5 2. Bc4 Bc5 3. Nf3 d6 4. Nc3 Nf6 5. d3 h6 6. O-O Bg4 7. Qe2 O-O 8. Be3
Nbd7 9. h3 Bxf3 10. Qxf3 Nb6 11. Bb3 a5 12. a4 Nh7 13. Qg3 Nd7 14. Bxh6 Qf6 15.
Bd2 Bb6 16. Nd5 Qg6 17. Ne7+ Kh8 18. Nxg6+ fxg6 19. Qxg6 Rf6 20. Qh5 Ndf8 21.
Bg5 Rg6 22. Be7 Rh6 23. Qf7 Ng6 24. h4 Nxh4 25. Bxh4 Rxh4 26. g3 Rf8 27. Qxf8+
Nxf8 28. gxh4 Kh7 29. Kg2 1-0

[Event "Tournoi Skype 028B"]
[Site "Skype"]
[Date "????.??.??"]
[Round "7.61"]
[White "Fuentes, Francisco"]
[Black "Trapletti, Cosetta"]
[Result "0-1"]
[WhiteElo "1000"]
[BlackElo "1026"]
[PlyCount "56"]

1. d4 d5 2. Bf4 Nf6 3. e3 Bf5 4. Bb5+ c6 5. Bxb8 Rxb8 6. Be2 e6 7. c4 Be7 8.
Nc3 O-O 9. Nf3 h6 10. Ne5 a6 11. e4 dxe4 12. Qd2 Bd6 13. Nf3 Qc7 14. h3 c5 15.
d5 Bf4 16. Qd1 e3 17. Bd3 exf2+ 18. Kxf2 Qd6 19. Bxf5 exf5 20. a4 Rbe8 21. Qd3
g6 22. a5 Bg3+ 23. Kg1 Ne4 24. Nxe4 fxe4 25. Qe3 exf3 26. Qxf3 Qe5 27. Qb3 Qe2
28. Qd1 Qf2# 0-1

[Event "Tournoi Skype 028B"]
[Site "Skype"]
[Date "????.??.??"]
[Round "7.63"]
[White "Guevara, Lizbeth"]
[Black "Duenas Luna, Carlos Eduardo"]
[Result "0-1"]
[WhiteElo "1000"]
[BlackElo "1000"]
[PlyCount "52"]

1. e4 e5 2. Nf3 Nc6 3. Bc4 Bc5 4. O-O Nf6 5. d3 a6 6. h3 d6 7. Nc3 Bg4 8. hxg4
h6 9. Nh4 Ba7 10. Nf5 Kf8 11. g3 h5 12. g5 Ng4 13. Kg2 g6 14. Nh4 Qd7 15. Qf3
Nd4 16. Nxg6+ Kg7 17. Qxf7+ Qxf7 18. Bxf7 Kxf7 19. Nxh8+ Rxh8 20. f3 Nxc2 21.
fxg4+ Kg6 22. Rf6+ Kg7 23. Rb1 hxg4 24. Bd2 Nd4 25. Rbf1 Nf3 26. Nd5 Rh2# 0-1

[Event "Tournoi Skype 028B"]
[Site "Skype"]
[Date "????.??.??"]
[Round "7.65"]
[White "Rodgerson, Michael"]
[Black "Marty, Yvette"]
[Result "1/2-1/2"]
[WhiteElo "1000"]
[BlackElo "1000"]
[PlyCount "37"]

1. e4 d6 2. Nc3 Nf6 3. Qe2 d5 4. exd5 Nxd5 5. g3 g6 6. Bg2 Bg7 7. Nxd5 c6 8.
Ne3 O-O 9. d3 Qa5+ 10. Bd2 f6 11. Bxa5 b6 12. Bb4 a5 13. Ba3 b5 14. c4 bxc4 15.
Nxc4 Nd7 16. Qe4 e5 17. Bxf8 Kxf8 18. Ke2 g5 19. Rc1 1/2-1/2

[Event "Tournoi Skype 028B"]
[Site "Skype"]
[Date "????.??.??"]
[Round "8.1"]
[White "Santos, Cleidilan"]
[Black "Junqueira, Leonardo De Faria"]
[Result "1-0"]
[WhiteElo "1000"]
[BlackElo "1408"]
[PlyCount "91"]

1. d4 Nf6 2. h3 d6 3. Bf4 g6 4. e3 Bg7 5. c3 Bf5 6. Nf3 Bxb1 7. Rxb1 Nbd7 8.
Bd3 O-O 9. O-O Nd5 10. Bh2 c5 11. Re1 Rc8 12. Qb3 N5b6 13. Qc2 Nf6 14. a3 c4
15. Be2 Nbd5 16. Nd2 b5 17. a4 a6 18. axb5 axb5 19. Ra1 Ra8 20. Rxa8 Qxa8 21.
Bf3 Qa7 22. e4 Nb6 23. e5 Ne8 24. Bc6 dxe5 25. Bxe5 Bxe5 26. Rxe5 e6 27. Bxb5
Nc7 28. Bxc4 Nxc4 29. Nxc4 Nd5 30. Re1 Qa6 31. Ne5 Rc8 32. Qe4 Rb8 33. Qf3 f5
34. Nd3 Rb6 35. Nc5 Qa2 36. Rxe6 Rxe6 37. Nxe6 Nxc3 38. Qxc3 Qxe6 39. b4 Kf7
40. Qc5 Kf6 41. b5 Qe1+ 42. Kh2 Qxf2 43. Qe5+ Kf7 44. b6 f4 45. b7 f3 46. Qf4+
1-0

[Event "Tournoi Skype 028B"]
[Site "Skype"]
[Date "????.??.??"]
[Round "8.2"]
[White "Frances, Carlos Alberto"]
[Black "Cabrera Sosa, Marco Vinicio"]
[Result "1/2-1/2"]
[WhiteElo "1324"]
[BlackElo "1364"]
[PlyCount "39"]

1. d4 g6 2. Nf3 Bg7 3. c4 e6 4. Nc3 Ne7 5. e3 a6 6. Bd3 Nbc6 7. a3 b6 8. O-O
Bb7 9. Re1 O-O 10. Bc2 Rc8 11. e4 Na7 12. Bf4 d6 13. Qd2 c5 14. d5 e5 15. Bh6
Rb8 16. a4 Bc8 17. b3 Bd7 18. h3 Qc8 19. Bxg7 Kxg7 20. Nh2 1/2-1/2